| 000 | 00491nam a2200157Ia 4500 | ||
|---|---|---|---|
| 008 | 230907s9999||||xx |||||||||||||| ||und|| | ||
| 082 |
_a620.1 _bMUN |
||
| 100 |
_aMuniba Ayub (00000275109) _9116768 |
||
| 245 | 0 | _aComparative study of Ruthenium complexes with organic sensitizer in ZnO based DSSC / | |
| 260 |
_aUSPCAS-E, NUST, _bIslamabad : _c2022 |
||
| 300 | _a72 p. | ||
| 520 | _aTH-434 | ||
| 650 | _aMS-ESE Thesis MS Thesis | ||
| 700 |
_aDr. Nadia Shahzad _9117122 |
||
| 942 |
_cTHE _2ddc |
||
| 999 |
_c602112 _d602112 |
||